Olivia Rodrigo - GUTS Tour Picture Quiz - Statistics

General Stats
  • This quiz has been taken 97 times
  • The average score is 4 of 6
Answer Stats
Picture Answer % Correct
get him back!
89%
teenage dream
84%
logical
73%
pretty isn’t pretty
67%
happier
56%
good 4 u
53%
No matching quizzes found
Score Distribution
Percent of People with Each Score
Percentile by Number Answered
Your Score History
You have not taken this quiz